01239nam a2200313 i 4500001001000000003001000010005001700020007000300037008004100040020002200081040005000103041000800153082002300161100005100184245015400235264005100389264001200440300002700452336002700479337003300506338002800539505014900567563001400716630002400730942000700754945001200761952013500773999001700908768714001CO-MdFUSB20220309100948.0ta970617t1898 enk 000 0 eng d a[No incluye ISBN] aES-MaCSI. bspa. cCO-MdFUSBdCO-MdFUSBCerda aeng 223a227.9207bH8211 aHort, Fenton John Anthony (d1828-1892)eautor14aThe first epistle of St. Peter (I.1-II.17) : bthe Greek text with introductory lecture, commentary and additional notesc/ Fenton John Anthony Hort  1aLondon : bMacmillan and Co. Limited, c[1898] 4c© 1898 a188 páginasc; 23 cm 2rdacontentatextobtxt 2rdamediaasin mediaciónbn 2rdacarrieravolumenbnc aLos nombres de San Pedro. -- Los términos bíblicos para la estadía. -- Las provincias de Asia Menor incluidas en el discurso de San Pedro. aTapa dura07aBiblia.pPedro, 1ª cBK aJTF-925 00102ddc40708GENaFUSBCbFUSBCd2021-03-15l0oG 227.9207 H821fp15457r2021-03-15 00:00:00tEj. 1w2021-03-15yBKk1IINV2023 c66662d66662